000 01371nam a22002777a 4500
005 20100706111722.0
008 100706t xxu||||| |||| 00| 0 hin d
010 _aHIN-89609
020 _c890.00
_a8178356570
035 _aHN-61955
037 _bDBAD / PUB
040 _aDPL
_bHN
082 _a954
100 _aरेड्डी, किट्टु
_920851
245 _aभारत का इतिहासः
_cकिट्टु रेड्डी;
_b(एक नवीन दृष्टिकोण) /
246 _aBharat ka itihas:
_bby Kittu Reddi
260 _aदिल्ली
_bकल्पज़ पब्लिकेशन्स
_c2008
270 _aसी-30, सत्यवती नगर
_bदिल्ली
_e110052
_mkalpaz@hotmail.com
300 _a146पृ
_c22सेमी (सजिल्द)
500 _aगजेन्द्र पाराशर द्वारा मूल अंग्रेजी से हिन्दी में अनुदित
650 _aभारत
_xइतिहास
_920852
650 _aindia
_xHistory
_920853
700 _aपाराशर, गजेन्द्र
_920854
942 _2ddc
_cHN
_mरेड्डीकि
999 _c36809
_d36809